000 01146nmm a2200313 a 4500
001 ocm0001299347
003 TR-IsHL
005 20201028161702.0
008 160715s2014 tu tur
007 cr cn
020 _a9786055227302
035 _a1299347
_b(N$T)
050 0 4 _aDK34.M8
_bS53 2014
090 0 4 _aDK34.M8
_bS53 2014
100 1 _aSibgatullina, Alfina
245 1 0 _aİki İmparatorluk arasında: Rusyalı Müslüman Türkler
_h[electronic resource] /
_cAlfina Sibgatullina ; çeviren Zümrüt Şirinova Emiroğlu
260 _aİstanbul :
_bDoğu Kütüphanesi,
_c2014
300 _a296 p.
500 _aKaynakçalar ve dizin var.
_xKarton kapak.
_x
650 4 _aTarih
650 4 _aHistory
650 0 _aMuslims
_xRussia
_xHistory
_x19th century.
650 0 _aMuslims
_xRussia
_xHistory
_x20th century.
650 0 _aRussia
_xRelations
_xTurkey.
650 0 _aTurkey
_xRelations
_xRussia.
650 7 _aHISTORY / Europe / Russia & the Former Soviet Union
_2bisacsh
700 1 _aEmiroğlu, Zümrüt Şirinova
856 4 0 _uhttp://search.ebscohost.com/login.aspx?direct=true&scope=site&db=e011xww&AN=1299347
999 _c14269
_d14269